All Fifa Icons - Statistics

General Stats
  • This quiz has been taken 39 times
    28 since last reset
  • The average score is 60 of 103
Answer Stats
Country Footballer % Correct
Brazil Pele
95%
Brazil Ronaldo
95%
Brazil Ronaldinho
91%
Brazil Roberto Carlos
82%
Brazil Socrates
82%
England Gerrard
77%
Germany Lahm
77%
England Lampard
77%
England Moore
77%
Spain Xavi
77%
England Beckham
73%
Romania Hagi
73%
Brazil Rivaldo
73%
Netherlands Van Basten
73%
Ivory Coast Drogba
68%
Cameroon Eto'o
68%
Netherlands Gullit
68%
France Henry
68%
Portugal Luis Figo
68%
Italy Maldini
68%
Argentina Maradona
68%
England Rooney
68%
Netherlands Van Der Sar
68%
France Zidane
68%
Italy Baggio
64%
Italy Baresi
64%
Brazil Cafu
64%
Czechia Cech
64%
Scotland Dalglish
64%
Italy Del Piero
64%
Ghana Essien
64%
Portugal Eusebio
64%
England Ferdinand
64%
Brazil Garrincha
64%
Brazil Kaka
64%
Sweden Larsson
64%
Denmark Laudrup
64%
Japan Nakata
64%
Italy Nesta
64%
England Owen
64%
Portugal Rui Costa
64%
Mexico Sanchez
64%
Russia Yashin
64%
Argentina Zanetti
64%
Northern Ireland Best
59%
Brazil Carlos Alberto
59%
Spain Casillas
59%
Netherlands Cruyff
59%
Wales Giggs
59%
Czechia Nedved
59%
Wales Rush
59%
Ukraine Shevchenko
59%
Croatia Suker
59%
Argentina Veron
59%
Netherlands Bergkamp
55%
France Blanc
55%
Mexico Hernandez
55%
Ireland Keane
55%
Finland Litmanen
55%
Nigeria Okocha
55%
Italy Pirlo
55%
Netherlands Rijkaard
55%
Argentina Riquelme
55%
England Scholes
55%
Germany Schweinsteiger
55%
Netherlands Seedorf
55%
England Shearer
55%
Bulgaria Stoichkov
55%
Netherlands Van Persie
55%
Serbia Vidic
55%
England Wright
55%
Italy Zambrotta
55%
Germany Ballack
50%
Spain Butragueno
50%
Italy Cannavaro
50%
England Cole
50%
Argentina Crespo
50%
Portugal Deco
50%
France Vieira
50%
Italy Inzaghi
50%
England Lineker
50%
France Pires
50%
Spain Raul
50%
Italy Vieri
50%
France Cantona
45%
Germany Klose
45%
Netherlands Overmars
45%
France Petit
45%
Spain Torres
45%
France Trezeguet
45%
Italy Zola
45%
England Campbell
41%
Spain Carles Puyol
41%
Italy Gattuso
41%
Netherlands Koeman
41%
Netherlands Van Nistelrooy
41%
France Makelele
36%
France Desailly
32%
Spain Fernando Hierro
32%
Netherlands Kluivert
32%
Spain Guardiola
23%
England Banks
18%
Germany Mathaus
18%
No matching quizzes found
Score Distribution
Percent of People with Each Score
Percentile by Number Answered
Your Score History
You have not taken this quiz since the last reset